Chorwacka imigracja według panstw - Statystyki

Ogólne statystyki
  • Ten quiz został rozwiązany 113 razy
  • Średni wynik to 15 z 20
Statystyki odpowiedzi
Ludzie Państwo % Poprawnych
2 750 Włochy
99%
46 120 Serbia
96%
371 000 Bośnia i Hercegowina
95%
16 965 Słowenia
91%
33 000 Niemcy
89%
1 600 Francja
86%
1 425 Stany Zjednoczone
85%
5 100 Austria
84%
960 Węgry
84%
1 200 Rosja
81%
5 360 Czarnogóra
80%
865 Czechy
79%
15 120 Ukraina
75%
9 650 Macedonia Północna
73%
920 Kanada
67%
2 680 Szwajcaria
65%
745 Holandia
53%
23,500 Indie
53%
1 650 Australia
41%
11 000 Nepal
6%
Nie znaleziono quizów pasujących do podanych kryteriów
Rozkład punktacji
Procent ludzi z każdym wynikiem
Percentyl według liczby udzielonych odpowiedzi
Twoja historia wyników
Nie rozwiązałeś tego quizu